1146 1840 1901 1802 1832 1225 1723 1033 1447 1849 1593 1022 1661 1285 1000 1637 1640 1377 1666 1744 1520 1794 1252 1766 1542 1598 1072 1894 1235 1493 1980 1383 1607 1160 1940 1770 1874 1702 1389 1827 1081 1067 1044 1887 1139 1515 1510 1738 1658 1389 1804 1057 1722 1804 1226 1043 1053 1462 1071 1378 1729 1329 1792 1355 1966 1047 1903 1446 1864 1737 1879 1399 1891 1030 1210 1173 1302 1177 1570 1543 1276 1305 1695 1805 1000 1649 1321 1812 1909 1174 1251 1057 1851 1647 1767 1957 1780 1222 1012 BCNSPRNW ULIB Ver.6.0+V

เปลี่ยนเป็นภาษาไทย

Change to English
 แสดงรายละเอียดบรรณานุกรม
  กลับหน้าหลัก

Brief Record : Get Marc (ISO 2709) : E-mail record : QR code < ปิดหน้าต่าง
LEADER : 00000nam 2200000uu 4500
001    13399111265
003     ULIB
008    110621s1999||||th 000 0 eng d
020    0874349427 (pbk.)
060 04 WX159^bM891 1999
245 00 Medication teaching aids
250    2nd ed.
260    Springhouse, Pa. :^bSrpinghouse Corp.,^c1999
300    v, 426 p. :^bill. ;^c28 cm.
504    Includes index
650  2 Drug Therapy^xHandbooks
650  2 Drugs^xAdministration & dosage^xHandbooks
650  2 Patient Education as Topic^xHandbooks
650  2 Pharmaceutical Preparations^xadministration & dosage
945    ^p0^l0^i011515
999 ^a ใช้งานได้ทุกระบบ
รายการนี้ยังไม่มีแท็ก
คุณยังไม่ได้ล็อกอิน คุณสามารถมีกิจกรรมร่วมกับเว็บไซต์ได้ แต่ต้องล็อกอินก่อน ::
  ล็อกอิน

รายการสื่อสารสนเทศ

ลำดับที่ ประเภท เลขเรียก/บาร์โค้ด สถานที่ สถานะ
- ไม่พบข้อมูล -

รายการใกล้เคียง
    หัวเรื่อง [Pharmaceutical Preparations administration & dosage]

BibComment


ยังไม่เคยถูกคอมเมนท์

คอมเมนท์ทรัพยากรรายการนี้
  คอมเมนท์: Medication teachi..


 Copyright 2026. Bcnsprnw @Library